North America Capital Cities - Statistics

General Stats
  • This quiz has been taken 283 times
  • The average score is 14 of 23
Answer Stats
Country Capital City % Correct
United States Washington, D.C.
98%
Mexico Mexico City
94%
Canada Ottawa
93%
Cuba Havana
77%
Jamaica Kingston
75%
Saint Vincent and the Grenadines Kingstown
75%
Panama Panama City
75%
Guatemala Guatemala City
71%
El Salvador San Salvador
68%
Haiti Port-au-Prince
62%
Bahamas Nassau
60%
Trinidad and Tobago Port of Spain
58%
Costa Rica San Jose
54%
Dominican Republic Santo Domingo
54%
Antigua and Barbuda Saint John's
50%
Belize Belmopan
48%
Barbados Bridgetown
46%
Grenada Saint George's
46%
Nicaragua Managua
45%
Honduras Tegucigalpa
43%
Saint Lucia Castries
38%
Dominica Roseau
37%
Saint Kitts and Nevis Basseterre
32%
No matching quizzes found
Score Distribution
Percent of People with Each Score
Percentile by Number Answered
Your Score History
You have not taken this quiz